Vật lí hiện đại : Lí thuyết và bài tập (486 bài tập có lời giải) = Theory and problems of modern physics

Sách trình bày các vấn đề của vật lý hiện đại: thuyết tương đối hẹp, thuyết lượng tử về bức xạ điện từ, sóng vật chất, vật lý nguyên tử, vật lý hạt nhân va vật lý thống kê, kèm theo đó là các bài tập đa dạng có lời giải chi tiê...

Disgrifiad llawn

Wedi'i Gadw mewn:
Manylion Llyfryddiaeth
Prif Awdur: Gautreau, Ronald
Fformat: Llyfr
Iaith:Undetermined
Cyhoeddwyd: Hà Nội Giáo Dục 1996
Pynciau:
Tagiau: Ychwanegu Tag
Dim Tagiau, Byddwch y cyntaf i dagio'r cofnod hwn!
Thư viện lưu trữ: Trung tâm Học liệu Trường Đại học Cần Thơ
LEADER 01140nam a2200205Ia 4500
001 CTU_17037
008 210402s9999 xx 000 0 und d
020 |c 25000 
082 |a 539 
082 |b G275 
100 |a Gautreau, Ronald 
245 0 |a Vật lí hiện đại : 
245 0 |b Lí thuyết và bài tập (486 bài tập có lời giải) = Theory and problems of modern physics 
245 0 |c Ronald Gautreau , William Savin ; Dịch giả: Ngô Phú An , Lê Băng Sương 
260 |a Hà Nội 
260 |b Giáo Dục 
260 |c 1996 
520 |a Sách trình bày các vấn đề của vật lý hiện đại: thuyết tương đối hẹp, thuyết lượng tử về bức xạ điện từ, sóng vật chất, vật lý nguyên tử, vật lý hạt nhân va vật lý thống kê, kèm theo đó là các bài tập đa dạng có lời giải chi tiết và cuối chương có các bài tập tự giải 
650 |a Physics,Vật lý 
980 |a Trung tâm Học liệu Trường Đại học Cần Thơ